Best Starting Lineups by Jersey # - Statistics

General Stats
  • This quiz has been taken 11 times
    4 since last reset
  • The average score is 25 of 215
Answer Stats
Hint Answer % Correct
3PG Chris Paul
67%
44PG Jerry West
67%
SG Jon Havlicek
67%
PF Karl Malone
67%
C Moses Malone
67%
C Robert Parish
67%
SG Russell Westbrook
67%
SG Alvin Robertson
33%
C Bill Russell
33%
PF Bob Lanier
33%
PF Bob Pettit
33%
PF | SF Carmelo Anthony
33%
SF Charles Barkley
33%
PF Chris Bosh
33%
50PG Cole Anthony
33%
C Dave Cowens
33%
PF DeAndre Jordan
33%
C DeMarcus Cousins
33%
24PG Dennis Johnson
33%
SG Derrick Rose
33%
PF Dolph Schayes
33%
SF Dwyane Wade
33%
SF Elgin Baylor
33%
PF Elvin Hayes
33%
SG Gail Goodrich
33%
SG James Harden
33%
SF James Worthy
33%
C Jarrett Allen
33%
5PG Jason Kidd
33%
SF Jerry Lucas
33%
12PG John Stockton
33%
SG Julius Erving
33%
C Kareem Abdul-Jabbar
33%
PF Kevin Durant
33%
PF Kevin Garnett
33%
PF Kevin Love
33%
SG Kobe Bryant
33%
2PG | SG Kyrie Irving
33%
PF Larry Bird
33%
SF LeBron James
33%
SF Luka Doncic
33%
32PG Magic Johnson
33%
SF Marques Johnson
33%
SG Michael Jordan
33%
C Nate Thurmond
33%
C Nikola Jokic
33%
1PG | SG Oscar Robertson
33%
SF | SG Ray Allen
33%
C Shaquille O'Neal
33%
13PG Steve Nash
33%
C Wilt Chamberlain
33%
SF Aaron Gordon
0%
SF Adrian Dantley
0%
SF Alex English
0%
C Alex Sarr
0%
SG Allen Iverson
0%
C Alperen Sengun
0%
SF | SG Andre Iguodala
0%
C Anthony Davis
0%
SF Anthony Edwards
0%
26PG Ben Sheppard
0%
C Ben Simmons
0%
PF Ben Wallace
0%
SF Bernard King
0%
C Bill Walton
0%
SF Billy Cunningham
0%
14PG | 19PG Bob Cousy
0%
77PG Bones Hyland
0%
SG Brandon Roy
0%
SF Chris Mullin
0%
C Chris Webber
0%
PF Chuck Person
0%
SG Cliff Hagan
0%
SG Clyde Drexler
0%
22PG Danny Ainge
0%
SG Danny Manning
0%
C David Robinson
0%
SG David Roddy
0%
45PG Davion Mitchell
0%
C Deandre Ayton
0%
SF DeMar Derozan
0%
PF Dennis Rodman
0%
8PG Deron Williams
0%
C Dirk Nowitzki
0%
SF Dominique Wilkins
0%
SG Donovan Mitchell
0%
PF Dorian Finney-Smith
0%
PF Draymond Green
0%
PF Dwight Howard
0%
33PG | SG Earl Monroe
0%
SG Eddie House
0%
SF Eddie Jones
0%
6PG Eric Bledsoe
0%
SG Fat Lever
0%
41PG Garrett Temple
0%
20PG Gary Payton
0%
SF George Gervin
0%
C George McGinnis
0%
C Gheorghe Muresan
0%
PF Giannis Antetokounmpo
0%
0PG Gilbert Arenas
0%
SF Glen Rice
0%
C Goga Bitadze
0%
31PG Goran Dragic
0%
SG Grant Hill
0%
PF Guerschon Yabusele
0%
SG Hal Greer
0%
SF Harrison Barnes
0%
PF Hot Rod Williams
0%
35PG Isaac Okoro
0%
11PG | 42PG Isiah Thomas
0%
C Jakob Poeltl
0%
PF Jalen McDaniels
0%
SG Jamaal Wilkes
0%
27PG Jamal Murray
0%
SF Jayson Tatum
0%
17PG Jeremy Lin
0%
C Jermaine O'Neal
0%
SG Jerry Chambers
0%
SG Jerry Stackhouse
0%
PF Joakim Noah
0%
4PG Joe Dumars
0%
PF John Collins
0%
C Jonas Valanciunas
0%
SG Jordan Clarkson
0%
SF Jordan Walsh
0%
21PG Jrue Holiday
0%
PF Julius Randle
0%
PF Jusuf Nurkic
0%
PF Kawhi Leonard
0%
15PG | 34PG Kemba Walker
0%
SG Kenny Smith
0%
SG Kevin Porter Jr.
0%
SF Klay Thompson
0%
18PG Kris Dunn
0%
SF Kyle Korver
0%
SF Kyle Kuzma
0%
SF LaMarcus Aldridge
0%
PF Larry Nance
0%
SF Lenny Wilkins
0%
16PG Lonnie Walker IV
0%
23PG Lou Hudson
0%
SG Manu Ginobili
0%
SF Mark Aguirre
0%
25PG Mark Price
0%
40PG Mason Jones
0%
PF Matas Buzelis
0%
SG Matthew Delladova
0%
C Mitchell Robinson
0%
C Nikola Vucevic
0%
PF Orlando Robinson
0%
C Pau Gasol
0%
SF Paul George
0%
SG Pete Maravich
0%
PF P.J. Washington
0%
SG Rajon Rondo
0%
SG Reggie Lewis
0%
SG Reggie Miller
0%
SG Richie Guerin
0%
PF Rick Barry
0%
C Robert Williams III
0%
C Rudy Gobert
0%
SF Rui Hachimura
0%
28PG Sam Cassell
0%
00PG Scoot Henderson
0%
SF Scottie Pippen
0%
SG Shai Gilgeous-Alexander
0%
C Shawn Bradley
0%
C Shawn Kemp
0%
PF Shawn Marion
0%
SG Sidney Moncrief
0%
SG Spencer Dinwiddie
0%
30 PG Stephen Curry
0%
C Tim Duncan
0%
7PG Tiny Archibald
0%
9PG Tony Parker
0%
SF Tracy McGrady
0%
PF Tyson Chandler
0%
PF Udonis Haslem
0%
C Victor Wembanyama
0%
SF Vince Carter
0%
C Vlade Divac
0%
C Walt Bellamy
0%
10PG Walt Frazier
0%
PF Wes Unseld
0%
SF Willis Reed
0%
SF Xavier McDaniels
0%
C Yao Ming
0%
C Zach Edey
0%
PF Zach Randolph
0%
No matching quizzes found
Score Distribution
Percent of People with Each Score
Percentile by Number Answered
Your Score History
You have not taken this quiz since the last reset